Lucian

Αποθηκεύτηκε σε:
Λεπτομέρειες βιβλιογραφικής εγγραφής
Κύριος συγγραφέας: Λουκιανός ο Σαμοσατεύς, π. 120-π. 190
Άλλοι συγγραφείς: Harmon, A.M (Μεταφραστής), Kilburn, K. (Μεταφραστής), Macleod, M. D. (Μεταφραστής)
Μορφή: Βιβλίο
Γλώσσα:English
Ancient Greek
Δημοσίευση: Cambridge, Mass.;London, England : Harvard University Press, 1969-1992
Σειρά:Loeb classical library ; ; 14 , 54, 162, 302, 430-432
Θέματα:
Ετικέτες: Προσθήκη ετικέτας
Δεν υπάρχουν, Καταχωρήστε ετικέτα πρώτοι!

MARC

LEADER 00000nam a2200000 i 4500
001 1/68080
008 960617m19691992 eng d
020 |a 0-674-99015-3 (τ.1) 
020 |a 0-674-99476-0 (τ.8) 
020 |a 0-674-99475-2 (τ.7) 
020 |a 0-674-99179-6 (τ.4) 
020 |a 0-674-99333-0 (τ.5) 
020 |a 0-674-99474-4 (τ.6) 
020 |a 0-674-99060-9 (τ.2) 
035 |l 10030126 
040 |a GR-MY-UA  |b gre  |e aacr 
041 0 |a eng  |a grc 
082 0 |a 887.7  |2 (22) 
100 0 |a Λουκιανός ο Σαμοσατεύς,   |d π. 120-π. 190. 
245 1 0 |a Lucian /  |c Λουκιανός ο Σαμοσατεύς (π.120-200) ; μετάφραση:A.M. Harmon, K.Kilburn, M.D. Macleod 
260 |a Cambridge, Mass.;London, England :   |b Harvard University Press,   |c 1969-1992 
300 |a 8τ. (472;476;511;423;542;528;496;546 σ.);  |c 17 εκ. 
490 1 |a Loeb classical library  |v ; 14, 54, 162, 302, 430-432 
504 |a Περιλαμβάνει ευρετήριο 
600 0 0 |a Λουκιανός ο Σαμοσατεύς,   |d π. 120-π. 190. 
650 0 0 |a Satire, Latin  |x Translations into English. 
650 0 0 |a Dialogues, Greek  |x Translations into English. 
700 1 |a Harmon, A.M.  |4 trl 
700 1 |a Kilburn, K.  |4 trl 
700 1 |a Macleod, M. D.  |4 trl 
830 0 |a Loeb classical library ;  |v ; 14 , 54, 162, 302, 430-432 
852 |a INST  |b CHIOS  |e 19960703  |h 887.7 ΛΟΥ  |p 005200001886  |q 005200001886  |t BK  |y 0  |z τ.4 
852 |a INST  |b CHIOS  |e 19960718  |h 887.7 ΛΟΥ  |p 005200007022  |q 005200007022  |t BK  |y 0  |z τ.8 
852 |a INST  |b CHIOS  |e 19960718  |h 887.7 ΛΟΥ  |p 005200007023  |q 005200007023  |t BK  |y 0  |z τ.7 
852 |a INST  |b CHIOS  |e 19960718  |h 887.7 ΛΟΥ  |p 005200007024  |q 005200007024  |t BK  |y 0  |z τ.6 
852 |a INST  |b CHIOS  |e 19960712  |h 887.7 ΛΟΥ  |p 005200007195  |q 005200007195  |t BK  |y 0  |z τ.5 
852 |a INST  |b CHIOS  |e 19960701  |h 887.7 ΛΟΥ  |p 005200007432  |q 005200007432  |t BK  |y 0  |z τ.3 
852 |a INST  |b CHIOS  |e 19960619  |h 887.7 ΛΟΥ  |p 005200007676  |q 005200007676  |t BK  |y 0  |z τ.2 
852 |a INST  |b CHIOS  |e 19960617  |h 887.7 ΛΟΥ  |p 005200007855  |q 005200007855  |t BK  |y 0  |z τ.1 
852 |a INST  |b CHIOS  |e 19960703  |h 887.7 ΛΟΥ  |p 005200001886  |q 005200001886  |t BK  |v τ.4:  |y 0  |z τ.4 
852 |a INST  |b CHIOS  |e 19960718  |h 887.7 ΛΟΥ  |p 005200007022  |q 005200007022  |t BK  |v τ.8:  |y 0  |z τ.8 
852 |a INST  |b CHIOS  |e 19960718  |h 887.7 ΛΟΥ  |p 005200007023  |q 005200007023  |t BK  |v τ.7:  |y 0  |z τ.7 
852 |a INST  |b CHIOS  |e 19960718  |h 887.7 ΛΟΥ  |p 005200007024  |q 005200007024  |t BK  |v τ.6:  |y 0  |z τ.6 
852 |a INST  |b CHIOS  |e 19960712  |h 887.7 ΛΟΥ  |p 005200007195  |q 005200007195  |t BK  |v τ.5:  |y 0  |z τ.5 
852 |a INST  |b CHIOS  |e 19960701  |h 887.7 ΛΟΥ  |p 005200007432  |q 005200007432  |t BK  |v τ.3:  |y 0  |z τ.3 
852 |a INST  |b CHIOS  |e 19960619  |h 887.7 ΛΟΥ  |p 005200007676  |q 005200007676  |t BK  |v τ.2:  |y 0  |z τ.2 
852 |a INST  |b CHIOS  |e 19960617  |h 887.7 ΛΟΥ  |p 005200007855  |q 005200007855  |t BK  |v τ.1:  |y 0  |z τ.1 
853 |a INST  |b CHIOS  |h 887.7 ΛΟΥ 
901 |a BIBL2-2006-2 
909 |a Χ  |b 031396 
909 |a Χ  |b 031803 
909 |a Χ  |b 031449 
909 |a Χ  |b 032683 
909 |a Χ  |b 031684 
909 |a Χ  |b 031858 
909 |a Χ  |b 031395 
909 |a Χ  |b 031796 
922 |a 2ΕΛΗ  |b 199311  |c ΦΡΑΓΚΟΜΙΧΑΛΟΣ  |d LEADER BOOKS